| 000 | 00566cab a2200229 4500 | ||
|---|---|---|---|
| 001 | X98917 | ||
| 008 | 090401t1999 xxu||||| |||| 00| 0 eng d | ||
| 035 | _a(Sirsi) u93665 | ||
| 041 | _aeng | ||
| 245 | _aLoder v Gaden | ||
| 260 | _c1999 | ||
| 350 | _a0 | ||
| 490 |
_aNew Property Cases _v[1999] NPC 47 |
||
| 650 | _aFINANCE ACT 1910 | ||
| 650 | _aHIGHWAYS ACT 1980 S32 | ||
| 650 | _aLODER V GADEN | ||
| 650 | _aPRIVATE RIGHTS OF WAY | ||
| 650 | _aPUBLIC HIGHWAYS | ||
| 690 | _aHIGHWAYS RIGHTS OF WAY AND EASEMENTS | ||
| 942 | _n0 | ||
| 948 | _c01/06/1999 | ||
| 999 |
_c59363 _d59363 |
||